[Event "16th Reykjavik op"]
[Site "Reykjavik ISL"]
[Date "1994.02.05"]
[Round "1"]
[White "Bronstein, David"]
[Black "Sokolov, Ivan"]
[Result "1/2-1/2"]
[WhiteElo "2400"]
[BlackElo "2650"]
[EventDate "1994.02.05"]
[PlyCount "92"]

1.e4 e5 2.Nf3 Nc6 3.Bb5 a6 4.Bxc6 dxc6 5.O-O f6 6.d4 Bg4 7.dxe5 Qxd1 8.
Rxd1 fxe5 9.Rd3 Bd6 10.Nbd2 Nf6 11.Nc4 Bxf3 12.gxf3 O-O-O 13.Bg5 h6 14.
Bxf6 gxf6 15.Ne3 Rdg8+ 16.Kf1 Rg6 17.Nf5 Rhg8 18.Ke2 Bc5 19.Rc3 Bb4 20.Rc4
Bf8 21.h4 h5 22.Rh1 Kd7 23.Rc3 Ke6 24.Ng3 Bb4 25.Rb3 Bc5 26.Rh3 b6 27.Rd3 
a5 28.a4 Rh8 29.Rd1 b5 30.axb5 Rb8 31.Ra1 Rxb5 32.b3 Bd4 33.Ra4 Rg8 34.Rh1
Rc5 35.Ra2 Rc3 36.Rd1 Kf7 37.Rd2 Rxg3 38.fxg3 Re3+ 39.Kf1 Rxf3+ 40.Kg2 Re3
41.Rd3 Rxe4 42.c3 Bb6 43.Rdd2 Re1 44.Re2 Rb1 45.Rab2 Rg1+ 46.Kh2 Rc1 
1/2-1/2

[Event "16th Reykjavik op"]
[Site "Reykjavik ISL"]
[Date "1994.02.05"]
[Round "1"]
[White "Khenkin, Igor"]
[Black "Thorhallsson, Throestur"]
[Result "0-1"]
[WhiteElo "2555"]
[BlackElo "2470"]
[EventDate "1994.02.05"]
[PlyCount "112"]

1.d4 d5 2.Nf3 Nf6 3.c4 c6 4.Nc3 e6 5.Bg5 h6 6.Bxf6 Qxf6 7.e3 Bd6 8.Bd3 Qe7
9.O-O Nd7 10.c5 Bc7 11.e4 dxe4 12.Nxe4 O-O 13.b4 Nf6 14.Nxf6+ Qxf6 15.Re1 
a5 16.b5 cxb5 17.Bxb5 Rd8 18.Qe2 Bd7 19.Rab1 Rab8 20.Qe4 Bxb5 21.Rxb5 Rd5 
22.Reb1 b6 23.R1b2 g6 24.Kf1 Kg7 25.Qb1 Qd8 26.R5b3 b5 27.Rxb5 Rxb5 28.
Rxb5 e5 29.Qb2 exd4 30.c6 Rxb5 31.Qxb5 d3 32.Qb2+ Kg8 33.Qd4 Qe8 34.Qxd3 
Qxc6 35.g3 a4 36.h4 Qc1+ 37.Kg2 Qc6 38.h5 g5 39.Qf5 Kg7 40.Kh3 Qc4 41.Kg2 
Bd8 42.a3 Qc6 43.Kh2 Bf6 44.Nd2 Bb2 45.Ne4 Qc7 46.Nc5 Qc6 47.Ne4 Bd4 48.g4
Qc7+ 49.Kg2 Qb7 50.Kh2 Qb2 51.Kg2 Qxa3 52.Qd5 Qb2 53.Kh1 Bxf2 54.Nd6 Qc1+ 
55.Kg2 Qg1+ 56.Kf3 Qh1+ 0-1

[Event "16th Reykjavik op"]
[Site "Reykjavik ISL"]
[Date "1994.02.05"]
[Round "1"]
[White "Ehlvest, Jaan"]
[Black "Einarsson, Halldor"]
[Result "1-0"]
[WhiteElo "2610"]
[BlackElo "2325"]
[EventDate "1994.02.05"]
[PlyCount "70"]

1.d4 Nf6 2.Nf3 g6 3.c4 Bg7 4.Nc3 d5 5.cxd5 Nxd5 6.e4 Nxc3 7.bxc3 c5 8.Rb1 
O-O 9.Be2 cxd4 10.cxd4 b6 11.O-O Bb7 12.d5 Nd7 13.Ba3 Nf6 14.Bd3 Re8 15.
Re1 a6 16.Bb2 e6 17.dxe6 Rxe6 18.Ng5 Rd6 19.Qb3 Nd5 20.Nxf7 Kxf7 21.Ba3 
Re6 22.Bc4 Qe8 23.Bxd5 Bxd5 24.Qxd5 Qc6 25.Qd1 Rae8 26.f3 Qc4 27.Rc1 Qd4+ 
28.Qxd4 Bxd4+ 29.Kf1 Be5 30.g3 Rd8 31.Red1 Rc6 32.f4 Bg7 33.Rd7+ Kg8 34.
Ke2 Rc3 35.Rxg7+ 1-0

[Event "16th Reykjavik op"]
[Site "Reykjavik ISL"]
[Date "1994.02.05"]
[Round "1"]
[White "Gislason, Gudmundur"]
[Black "Van der Sterren, Paul"]
[Result "0-1"]
[WhiteElo "2325"]
[BlackElo "2610"]
[EventDate "1994.02.05"]
[PlyCount "82"]

1.d4 Nf6 2.c4 e6 3.Nc3 d5 4.Bg5 Be7 5.e3 O-O 6.cxd5 exd5 7.Bd3 c6 8.Qc2 
Nbd7 9.Nge2 Re8 10.O-O Nf8 11.Ng3 g6 12.Bxf6 Bxf6 13.b4 Be6 14.b5 c5 15.
dxc5 Rc8 16.Rac1 Rxc5 17.Qd2 Nd7 18.Nce2 Qb6 19.Nf4 Rec8 20.Rxc5 Rxc5 21.
Be2 Qc7 22.Nxe6 fxe6 23.Bg4 Kf7 24.a4 Ne5 25.Bh3 Rc2 26.Qd1 Qc4 27.e4 dxe4
28.Qd6 g5 29.Qd1 Be7 30.Qh5+ Kg7 31.Qe8 Ng6 32.Qd7 Kf7 33.Qxb7 Nf4 34.Bg4 
Rc1 35.h3 h5 36.Bd1 h4 37.Qxe4 hxg3 38.Qxc4 gxf2+ 39.Rxf2 Rxc4 40.g3 Bc5 
41.gxf4 Rxf4 0-1

[Event "16th Reykjavik op"]
[Site "Reykjavik ISL"]
[Date "1994.02.05"]
[Round "1"]
[White "Hjartarson, Johann"]
[Black "Bjarnason, Saevar"]
[Result "1/2-1/2"]
[WhiteElo "2595"]
[BlackElo "2315"]
[EventDate "1994.02.05"]
[PlyCount "144"]

1.c4 Nf6 2.Nc3 e6 3.e4 c5 4.e5 Ng8 5.Nf3 d6 6.exd6 Bxd6 7.d4 cxd4 8.Qxd4 
Nf6 9.Nb5 Bb4+ 10.Bd2 Qxd4 11.Nfxd4 Bxd2+ 12.Kxd2 Na6 13.Nd6+ Ke7 14.Nxc8+
Rhxc8 15.Be2 Rd8 16.Ke3 Nb4 17.f4 Rxd4 18.Kxd4 Nc2+ 19.Kc3 Nxa1 20.Rxa1 
Rc8 21.Kd4 Nd7 22.b4 Nb8 23.Bf3 Rc7 24.c5 Nc6+ 25.Kc4 Kd8 26.b5 Nb8 27.a4 
Nd7 28.c6 bxc6 29.bxc6 Nf6 30.Rb1 Ke7 31.Rd1 h6 32.a5 g5 33.g3 gxf4 34.
gxf4 Ne8 35.Kc5 Nf6 36.Rb1 Nd7+ 37.Kd4 Nf6 38.Ke5 Ne8 39.Rb7 f6+ 40.Kd4 
Kd6 41.Rb8 Re7 42.Kd3 Kc7 43.Ra8 Kd6 44.Rd8+ Kc7 45.Ra8 Kd6 46.c7 Nxc7 47.
Rxa7 Re8 48.Rb7 Nd5 49.Bxd5 Kxd5 50.a6 h5 51.Ke3 Ra8 52.Rb6 Ra7 53.f5 exf5
54.Kf4 Rg7 55.Rb5+ Kc6 56.Ra5 Kb6 57.Ra2 Ka7 58.Kxf5 Rg4 59.Kxf6 h4 60.Kf5
Rg1 61.Ra4 h3 62.Ra3 Rh1 63.Rxh3 Kxa6 64.Ra3+ Kb5 65.h3 Kc5 66.Ke6 Re1+ 
67.Kf6 Rh1 68.Rd3 Kc4 69.Rg3 Kd5 70.Ra3 Rf1+ 71.Ke7 Ke5 72.h4 1/2-1/2

[Event "16th Reykjavik op"]
[Site "Reykjavik ISL"]
[Date "1994.02.05"]
[Round "1"]
[White "Vidarsson, Jon"]
[Black "Sabalovs, Aleksandrs"]
[Result "1/2-1/2"]
[WhiteElo "2310"]
[BlackElo "2590"]
[EventDate "1994.02.05"]
[PlyCount "111"]

1.e4 Nf6 2.e5 Nd5 3.d4 d6 4.Nf3 Bg4 5.Be2 e6 6.O-O Be7 7.h3 Bh5 8.c4 Nb6 
9.exd6 cxd6 10.Nc3 O-O 11.Be3 a6 12.b3 d5 13.c5 Bxf3 14.Bxf3 Nc8 15.b4 Nc6
16.Rb1 Bf6 17.a4 N8e7 18.b5 axb5 19.axb5 Na5 20.Be2 Nf5 21.Qd2 g6 22.Rb4 
Qe7 23.Rfb1 Rfd8 24.Na4 Nc4 25.Bxc4 dxc4 26.Rxc4 Bxd4 27.Bxd4 e5 28.Re1 
Qe8 29.Nb6 Nxd4 30.Qg5 Rab8 31.Qxe5 Qxe5 32.Rxe5 Nxb5 33.Re7 Nd4 34.Rc1 
Re8 35.Rxe8+ Rxe8 36.Rc4 Rd8 37.Kh2 Kf8 38.Rc3 Ke7 39.Re3+ Ne6 40.Rc3 Rd2 
41.Kg3 f5 42.f4 Rd4 43.c6 bxc6 44.Rxc6 Nxf4 45.Rc7+ Ke6 46.Rxh7 g5 47.Rh6+
Ke5 48.Rc6 Rd3+ 49.Kh2 g4 50.hxg4 fxg4 51.Rc5+ Kf6 52.g3 Rd2+ 53.Kg1 Nh3+ 
54.Kf1 Rf2+ 55.Ke1 Rf3 56.Rc3 1/2-1/2

[Event "16th Reykjavik op"]
[Site "Reykjavik ISL"]
[Date "1994.02.05"]
[Round "1"]
[White "De Firmian, Nick"]
[Black "Thorhallsson, Gylfi"]
[Result "1-0"]
[WhiteElo "2580"]
[BlackElo "2295"]
[EventDate "1994.02.05"]
[PlyCount "49"]

1.e4 c5 2.Nf3 d6 3.d4 cxd4 4.Nxd4 Nf6 5.Nc3 a6 6.Bc4 e6 7.Bb3 Be7 8.g4 h6 
9.Be3 Qc7 10.f4 Nc6 11.f5 e5 12.Nxc6 bxc6 13.Qf3 Bb7 14.O-O-O a5 15.h4 a4 
16.Bxa4 Rxa4 17.Nxa4 Qa5 18.Nc3 d5 19.exd5 cxd5 20.g5 Ne4 21.Nxe4 dxe4 22.
Qe2 O-O 23.Qc4 Rc8 24.Qb3 Ba6 25.Bb6 1-0

[Event "16th Reykjavik op"]
[Site "Reykjavik ISL"]
[Date "1994.02.05"]
[Round "1"]
[White "Arnason, Throestur"]
[Black "Van Wely, Loek"]
[Result "1/2-1/2"]
[WhiteElo "2290"]
[BlackElo "2570"]
[EventDate "1994.02.05"]
[PlyCount "61"]

1.d4 Nf6 2.c4 g6 3.Nf3 Bg7 4.g3 O-O 5.Bg2 d6 6.O-O Nbd7 7.Nc3 e5 8.h3 exd4
9.Nxd4 Re8 10.Be3 h6 11.Qd2 Kh7 12.Rad1 Nc5 13.Nc6 bxc6 14.Bxc5 Be6 15.Bd4
Bd7 16.c5 d5 17.e4 Be6 18.exd5 Nxd5 19.Bxg7 Kxg7 20.Nxd5 cxd5 21.Bxd5 Bxd5
22.Qxd5 Qxd5 23.Rxd5 Re2 24.Rd7 Rxb2 25.Rxc7 Rxa2 26.Rd1 a5 27.Rdd7 Rf8 
28.Ra7 a4 29.Rd4 Rc2 30.Ra5 Rc8 31.Rdxa4 1/2-1/2

[Event "16th Reykjavik op"]
[Site "Reykjavik ISL"]
[Date "1994.02.05"]
[Round "1"]
[White "Shneider, Alexander"]
[Black "Link, Michael"]
[Result "1/2-1/2"]
[WhiteElo "2570"]
[BlackElo "2290"]
[EventDate "1994.02.05"]
[PlyCount "82"]

1.d4 Nf6 2.c4 g6 3.Nc3 Bg7 4.e4 d6 5.Be2 O-O 6.Nf3 e5 7.O-O Nc6 8.d5 Ne7 
9.Nd2 c5 10.Rb1 Ne8 11.b4 b6 12.bxc5 dxc5 13.a4 a5 14.Ba3 Nd6 15.Qb3 Ra6 
16.Nb5 f5 17.f3 Kh8 18.Qc3 Ng8 19.Bb2 f4 20.Nb3 Nh6 21.Nxd6 Qxd6 22.Nc1 
Nf7 23.Nd3 g5 24.g4 Bd7 25.Bd1 Bf6 26.Rf2 Kg7 27.Qa3 Kg6 28.Bc3 Bd8 29.Qa1
Bc7 30.Be2 Raa8 31.h4 h6 32.Rh2 Qf6 33.Kf2 Rh8 34.Rbh1 Rag8 35.hxg5 hxg5 
36.Rh5 Rxh5 37.Rxh5 Rh8 38.Qh1 Rxh5 39.Qxh5+ Kg7 40.Bd1 Qh6 41.Qxh6+ Kxh6 
1/2-1/2

[Event "16th Reykjavik op"]
[Site "Reykjavik ISL"]
[Date "1994.02.05"]
[Round "1"]
[White "Jonasson, Benedikt"]
[Black "Pigusov, Evgeny"]
[Result "1-0"]
[WhiteElo "2280"]
[BlackElo "2570"]
[EventDate "1994.02.05"]
[PlyCount "91"]

1.e4 c5 2.Nf3 d6 3.d4 cxd4 4.Nxd4 Nf6 5.Nc3 a6 6.Bg5 e6 7.f4 Qb6 8.Qd2 
Qxb2 9.Rb1 Qa3 10.f5 Nc6 11.fxe6 fxe6 12.Nxc6 bxc6 13.e5 dxe5 14.Bxf6 gxf6
15.Ne4 Be7 16.Be2 h5 17.Rb3 Qa4 18.Nxf6+ Bxf6 19.c4 Bh4+ 20.g3 Be7 21.O-O 
h4 22.Qd3 Rh6 23.Bh5+ Rxh5 24.Qg6+ Kd8 25.Rd1+ Bd7 26.Qg8+ Kc7 27.Qxa8 
Bc5+ 28.Kh1 Qxb3 29.axb3 hxg3 30.h3 Bc8 31.Kg2 Bf2 32.c5 Bxc5 33.Rc1 e4 
34.b4 Bb7 35.Qe8 Bf2 36.Qxh5 e3 37.Rc5 a5 38.bxa5 Ba6 39.Qf7+ Kd6 40.Qf8+ 
Kd7 41.Qf7+ Kd6 42.Qf8+ Kd7 43.Rg5 c5 44.Rg7+ Kc6 45.Qe8+ Kd6 46.Qb8+ 1-0

[Event "16th Reykjavik op"]
[Site "Reykjavik ISL"]
[Date "1994.02.05"]
[Round "1"]
[White "Kengis, Edvins"]
[Black "Happel, Hendrik"]
[Result "1-0"]
[WhiteElo "2565"]
[BlackElo "2270"]
[EventDate "1994.02.05"]
[PlyCount "76"]

1.Nf3 Nf6 2.g3 d5 3.Bg2 e6 4.O-O Be7 5.b3 O-O 6.c4 c5 7.Bb2 b6 8.e3 Bb7 9.
Nc3 dxc4 10.bxc4 Nc6 11.Qe2 Rc8 12.Rfd1 Rc7 13.d3 Qa8 14.Ne1 Rd8 15.f4 
Rcd7 16.Rab1 Nb4 17.Bxb7 Qxb7 18.a3 Nc6 19.Nf3 Ne8 20.g4 f5 21.gxf5 exf5 
22.Nd5 Rd6 23.e4 Re6 24.Qc2 Rg6+ 25.Kh1 Nf6 26.Rg1 Rxg1+ 27.Rxg1 Rf8 28.
Qg2 Bd8 29.Ng5 Ne8 30.Ne6 Rf7 31.exf5 Qd7 32.Nxd8 Qxd8 33.f6 Qd7 34.fxg7 
Nd4 35.Bxd4 cxd4 36.Qe4 Nf6 37.Nxf6+ Rxf6 38.Qa8+ 1-0

[Event "16th Reykjavik op"]
[Site "Reykjavik ISL"]
[Date "1994.02.05"]
[Round "1"]
[White "Olafsson, David"]
[Black "Wojtkiewicz, Aleksander"]
[Result "1-0"]
[WhiteElo "2270"]
[BlackElo "2555"]
[EventDate "1994.02.05"]
[PlyCount "75"]

1.e4 c5 2.Nf3 d6 3.d4 cxd4 4.Nxd4 Nf6 5.Nc3 a6 6.Be2 e6 7.Be3 Qc7 8.a4 b6 
9.f4 Bb7 10.Bf3 Nbd7 11.f5 e5 12.Nb3 d5 13.Nxd5 Bxd5 14.exd5 e4 15.Be2 Bd6
16.Qd2 O-O 17.g3 Ne5 18.O-O Neg4 19.Bf4 e3 20.Qc3 Qe7 21.Qd4 Bxf4 22.Rxf4 
Nf2 23.Kg2 Rad8 24.Bf3 Rfe8 25.Re1 Rd6 26.c4 a5 27.Nc1 g5 28.fxg6 fxg6 29.
Nd3 Nxd3 30.Qxd3 Qe5 31.Re2 Kg7 32.h4 h6 33.Qd4 g5 34.Qxe5 Rxe5 35.hxg5 
hxg5 36.Rd4 Nd7 37.Re4 Rxe4 38.Bxe4 1-0

[Event "16th Reykjavik op"]
[Site "Reykjavik ISL"]
[Date "1994.02.05"]
[Round "1"]
[White "Petursson, Margeir"]
[Black "Barillaro, Luca"]
[Result "1-0"]
[WhiteElo "2550"]
[BlackElo "2265"]
[EventDate "1994.02.05"]
[PlyCount "47"]

1.d4 f5 2.g3 Nf6 3.Bg2 g6 4.Nf3 Bg7 5.c4 d6 6.Nc3 O-O 7.O-O c6 8.d5 e5 9.
dxe6 Bxe6 10.Qd3 Na6 11.Bf4 Re8 12.Bxd6 Ne4 13.Be5 Nac5 14.Qxd8 Raxd8 15.
Bxg7 Kxg7 16.Rfc1 Nd2 17.b3 Ndxb3 18.axb3 Nxb3 19.c5 Bc4 20.e3 Nxa1 21.
Rxa1 Rd3 22.Ra3 Red8 23.Nd4 a6 24.Bf1 1-0

[Event "16th Reykjavik op"]
[Site "Reykjavik ISL"]
[Date "1994.02.05"]
[Round "1"]
[White "Bjornsson, Tomas"]
[Black "Kotronias, Vassilios"]
[Result "0-1"]
[WhiteElo "2260"]
[BlackElo "2545"]
[EventDate "1994.02.05"]
[PlyCount "72"]

1.e4 e5 2.Nf3 Nc6 3.Bb5 a6 4.Ba4 Nf6 5.O-O Be7 6.Bxc6 dxc6 7.Re1 Nd7 8.d3 
O-O 9.Nbd2 Re8 10.Nc4 Bd6 11.Bg5 f6 12.Bd2 Nf8 13.Ne3 Ne6 14.Nf5 Bf8 15.h3
c5 16.g4 g6 17.N5h4 b5 18.Ng2 Bd6 19.Be3 f5 20.exf5 gxf5 21.Nfh4 f4 22.Bd2
Ng5 23.f3 Nxh3+ 24.Kh2 Ng5 25.Nf5 Bxf5 26.gxf5 Qf6 27.Nh4 Kf7 28.Re2 Rg8 
29.Rg2 Qh6 30.Rg4 Nxf3+ 31.Qxf3 Rxg4 32.Qxg4 Rg8 33.Qh3 Rg3 34.Rg1 Rxh3+ 
35.Kxh3 Qh5 36.Rg4 Be7 0-1

[Event "16th Reykjavik op"]
[Site "Reykjavik ISL"]
[Date "1994.02.05"]
[Round "1"]
[White "Ulfarsson, Magnus"]
[Black "Rashkovsky, Nukhim"]
[Result "0-1"]
[WhiteElo "2250"]
[BlackElo "2535"]
[EventDate "1994.02.05"]
[PlyCount "36"]

1.e4 c5 2.Nf3 d6 3.d4 cxd4 4.Nxd4 Nf6 5.Nc3 a6 6.Bc4 e6 7.Bb3 Nbd7 8.f4 
Nc5 9.f5 Be7 10.O-O Nxb3 11.axb3 O-O 12.Bg5 Bd7 13.Nde2 Ng4 14.Bxe7 Qxe7 
15.Rf3 exf5 16.exf5 Qe5 17.Ng3 Bc6 18.Nd5 Qxd5 0-1

[Event "16th Reykjavik op"]
[Site "Reykjavik ISL"]
[Date "1994.02.05"]
[Round "1"]
[White "Olafsson, Helgi"]
[Black "Gunnarsson, Arinbjorn"]
[Result "1-0"]
[WhiteElo "2535"]
[BlackElo "2235"]
[EventDate "1994.02.05"]
[PlyCount "166"]

1.Nf3 Nf6 2.c4 c6 3.Nc3 d5 4.d4 g6 5.Bg5 Bg7 6.e3 O-O 7.Bd3 Be6 8.b3 Bg4 
9.Rc1 Qa5 10.Bxf6 Bxf6 11.h3 Bxf3 12.Qxf3 dxc4 13.bxc4 Na6 14.O-O Bg7 15.
Rfd1 e6 16.Ne4 c5 17.d5 f5 18.Ng5 e5 19.Bb1 e4 20.Qg3 Rf6 21.Ne6 Qa4 22.
Qd6 Qe8 23.g4 Qb8 24.Qxb8+ Rxb8 25.Bc2 Bf8 26.g5 Rf7 27.d6 Rd7 28.Nxf8 
Kxf8 29.Ba4 Rf7 30.a3 Rd8 31.Rd5 b6 32.Kg2 Nb8 33.d7 Na6 34.Rcd1 Nc7 35.
Rd6 Ke7 36.Rc6 Ne6 37.Rdd6 Nf8 38.Rd5 Rxd7 39.Rxd7+ Nxd7 40.Rc7 Ke6 41.
Rxa7 Ne5 42.Ra6 Rb7 43.Kg3 Kd6 44.Bb5 Kc7 45.a4 Rb8 46.a5 Rb7 47.h4 bxa5 
48.Rxa5 Rb8 49.Ra7+ Rb7 50.Ra1 Rb6 51.h5 Rb8 52.Ra2 Rb6 53.Ra1 Rb8 54.h6 
Rb6 55.Ra7+ Rb7 56.Ra5 Rb8 57.Ba4 Nd3 58.Ra7+ Rb7 59.Rxb7+ Kxb7 60.Bd7 Ne5
61.Be6 Kc7 62.Bg8 Kd6 63.Bxh7 Ke7 64.Bg8 Kf8 65.Be6 Nd3 66.f4 Ne1 67.Kf2 
Nd3+ 68.Ke2 Nb2 69.Kd2 Nd3 70.Kc3 Nf2 71.Bd7 Nd1+ 72.Kd2 Nb2 73.Be8 Nxc4+ 
74.Ke2 Nd6 75.Bxg6 Kg8 76.Bh5 Kh7 77.Kf2 Nc4 78.Be2 Nb2 79.Ke1 Nd3+ 80.
Bxd3 exd3 81.Kd2 c4 82.e4 fxe4 83.f5 1-0

[Event "16th Reykjavik op"]
[Site "Reykjavik ISL"]
[Date "1994.02.05"]
[Round "1"]
[White "Halldorsson, Bragi"]
[Black "Budnikov, Andrei"]
[Result "0-1"]
[WhiteElo "2225"]
[BlackElo "2535"]
[EventDate "1994.02.05"]
[PlyCount "64"]

1.d4 Nf6 2.c4 e6 3.Nc3 Bb4 4.f3 d5 5.a3 Bxc3+ 6.bxc3 c5 7.cxd5 Nxd5 8.Qd3 
Nc6 9.e4 Nde7 10.Be3 O-O 11.Nh3 Qa5 12.dxc5 e5 13.Nf2 Be6 14.Qc2 Nd4 15.
Qb2 Nb3 16.Rb1 f5 17.Bg5 Qxc5 18.Bxe7 Qxe7 19.exf5 Rxf5 20.Bd3 Rh5 21.O-O 
Qh4 22.h3 Nc5 23.Qe2 Nxd3 24.Nxd3 Bxh3 25.Rb4 Qg3 26.Qf2 Qg6 27.Rd1 Rd8 
28.g4 Rh6 29.Nb2 Rf8 30.Nc4 Bxg4 31.Rd6 Bxf3+ 32.Rxg6 0-1

[Event "16th Reykjavik op"]
[Site "Reykjavik ISL"]
[Date "1994.02.05"]
[Round "1"]
[White "Atalik, Suat"]
[Black "Karason, Askell"]
[Result "1-0"]
[WhiteElo "2530"]
[BlackElo "2225"]
[EventDate "1994.02.05"]
[PlyCount "72"]

1.d4 Nf6 2.c4 e6 3.Nc3 Bb4 4.e3 O-O 5.Bd3 d5 6.Nf3 c5 7.O-O Nc6 8.a3 Bxc3 
9.bxc3 dxc4 10.Bxc4 Qc7 11.Bb5 b6 12.Re1 Bb7 13.e4 e5 14.d5 Rad8 15.Bg5 
Ne7 16.Bxf6 gxf6 17.Nh4 Kh8 18.Qh5 Bc8 19.Re3 Rg8 20.Rg3 Ng6 21.Nf5 Bxf5 
22.Qxf5 Rd6 23.a4 Qd8 24.Kh1 Ne7 25.Qh5 Rg6 26.Re3 Qg8 27.g3 Rd8 28.Ba6 f5
29.exf5 Rg5 30.Qe2 f6 31.f4 Qxd5+ 32.Kg1 exf4 33.Rd3 fxg3 34.Rxd5 Nxd5 35.
Rd1 Rgg8 36.Bc4 Ne3 1-0

[Event "16th Reykjavik op"]
[Site "Reykjavik ISL"]
[Date "1994.02.05"]
[Round "1"]
[White "Werner, Bernd-Michael"]
[Black "Ibragimov, Ildar"]
[Result "0-1"]
[WhiteElo "2220"]
[BlackElo "2525"]
[EventDate "1994.02.05"]
[PlyCount "38"]

1.e4 Nc6 2.Nf3 e5 3.d4 exd4 4.Nxd4 Bc5 5.Be3 Qf6 6.c3 Nge7 7.Bc4 Ne5 8.Be2
Qg6 9.O-O d6 10.Bh5 Qxe4 11.Nd2 Qh4 12.Nb5 O-O 13.Bxc5 dxc5 14.Re1 Bg4 15.
Bxg4 Nxg4 16.Rxe7 Qxf2+ 17.Kh1 Qh4 18.Kg1 Qxh2+ 19.Kf1 Qh1+ 0-1

[Event "16th Reykjavik op"]
[Site "Reykjavik ISL"]
[Date "1994.02.05"]
[Round "1"]
[White "Stefansson, Hannes Hlifar"]
[Black "Briem, Stefan"]
[Result "1-0"]
[WhiteElo "2525"]
[BlackElo "2205"]
[EventDate "1994.02.05"]
[PlyCount "42"]

1.e4 e5 2.Nf3 Nc6 3.Bb5 f5 4.Bxc6 dxc6 5.Nc3 Nf6 6.Qe2 Bd6 7.d4 exd4 8.e5 
dxc3 9.exf6+ Kd7 10.O-O Qxf6 11.Bg5 Qe6 12.Qd3 cxb2 13.Rae1 Qd5 14.Qc3 Rf8
15.Qxb2 c5 16.Ne5+ Bxe5 17.Rxe5 Qd4 18.Qb5+ c6 19.Re7+ Kd6 20.Qe2 h6 21.
Bf4+ 1-0

[Event "16th Reykjavik op"]
[Site "Reykjavik ISL"]
[Date "1994.02.05"]
[Round "1"]
[White "Bjornsson, Bjorn"]
[Black "Arnason, Jon"]
[Result "0-1"]
[WhiteElo "2200"]
[BlackElo "2520"]
[EventDate "1994.02.05"]
[Source "Chesstempo"]
[PlyCount "133"]

1.d4 Nf6 2.c4 e6 3.Nf3 b6 4.a3 c5 5.d5 Ba6 6.Qc2 exd5 7.cxd5 g6 8.Nc3 Bg7 
9.g3 O-O 10.Bg2 d6 11.O-O Re8 12.Re1 b5 13.Bg5 Nbd7 14.e4 Qb6 15.Rad1 Ng4 
16.h3 Nge5 17.Be3 Nc4 18.Bc1 b4 19.axb4 cxb4 20.Na4 b3 21.Qxc4 Bxc4 22.
Nxb6 axb6 23.Bf4 Bxb2 24.Bxd6 Bc3 25.Nd2 Bxd5 26.exd5 Rxe1+ 27.Rxe1 Bxd2 
28.Rb1 Bc3 29.Rxb3 Ra1+ 30.Bf1 Bd4 31.Rd3 Bc5 32.Bxc5 bxc5 33.Kg2 Rc1 34.
d6 Kg7 35.Rd2 c4 36.Rd4 c3 37.Bb5 c2 38.Rc4 Rb1 39.Bxd7 c1=Q 40.Rxc1 Rxc1 
41.Ba4 Rc4 42.d7 Rd4 43.Kf3 Kf6 44.Ke3 Rd6 45.Ke4 Ke7 46.Kf3 Rd3+ 47.Ke2 
Ra3 48.Bc6 g5 49.Be4 h6 50.Bf5 Ra5 51.g4 Ra3 52.f3 Ra2+ 53.Kf1 Rh2 54.Kg1 
Rd2 55.Kf1 Kf6 56.Ke1 Rd6 57.Kf2 Ke5 58.Kg3 Rd2 59.d8=Q Rxd8 60.h4 Rd4 61.
hxg5 hxg5 62.Bc8 Ra4 63.Bb7 Ra3 64.Bc6 Kd4 65.Bb7 Ke3 66.Bd5 f6 67.Bc6 0-1

[Event "16th Reykjavik op"]
[Site "Reykjavik ISL"]
[Date "1994.02.05"]
[Round "1"]
[White "Garcia, Gildardo"]
[Black "Van Parreren, Hanneke"]
[Result "1-0"]
[WhiteElo "2520"]
[BlackElo "2195"]
[EventDate "1994.02.05"]
[PlyCount "56"]

1.e4 c6 2.d4 d5 3.exd5 cxd5 4.c4 Nf6 5.Nc3 g6 6.cxd5 Nxd5 7.Bc4 Nb6 8.Bb5+
N8d7 9.Nf3 Bg7 10.O-O O-O 11.Re1 Nf6 12.h3 a6 13.Bf1 Nbd5 14.Bc4 e6 15.Bg5
Qd6 16.Qd2 b5 17.Bxd5 Nxd5 18.Bh6 Nxc3 19.bxc3 Bb7 20.Ne5 Rac8 21.Bxg7 
Kxg7 22.f3 h5 23.a4 Rc7 24.axb5 axb5 25.Qb2 Qd5 26.Ra5 Bc6 27.c4 Qd8 28.d5
1-0

[Event "16th Reykjavik op"]
[Site "Reykjavik ISL"]
[Date "1994.02.05"]
[Round "1"]
[White "Thorsson, Olafur"]
[Black "Kveinys, Aloyzas"]
[Result "0-1"]
[WhiteElo "2180"]
[BlackElo "2520"]
[EventDate "1994.02.05"]
[PlyCount "76"]

1.d4 Nf6 2.c4 g6 3.Nc3 Bg7 4.e4 d6 5.Nf3 O-O 6.Be2 Nbd7 7.O-O e5 8.Qc2 c6 
9.d5 c5 10.Ne1 Ne8 11.g4 f5 12.exf5 gxf5 13.gxf5 Nb6 14.Ng2 Bxf5 15.Bd3 
Qd7 16.Ne4 Kh8 17.Bd2 Nf6 18.Rae1 Nxe4 19.Bxe4 Bxe4 20.Qxe4 Qa4 21.b3 Qxa2
22.Qd3 Nd7 23.Bg5 Rf7 24.Re4 Bf6 25.Bh6 Rg8 26.Qh3 Bg5 27.Qh5 Qc2 28.Qxf7 
Qxe4 29.Bxg5 Rxg5 30.f3 Qg6 31.Qxg6 Rxg6 32.Kf2 Kg7 33.Ne3 Rf6 34.Rg1+ Kf8
35.Rg5 h6 36.Rf5 Kf7 37.Kg3 Kg6 38.Kg4 0-1

[Event "16th Reykjavik op"]
[Site "Reykjavik ISL"]
[Date "1994.02.06"]
[Round "2"]
[White "Arnason, Jon"]
[Black "Ehlvest, Jaan"]
[Result "1-0"]
[WhiteElo "2520"]
[BlackElo "2610"]
[EventDate "1994.02.05"]
[PlyCount "72"]

1.e4 c5 2.Nf3 d6 3.d4 cxd4 4.Nxd4 Nf6 5.Nc3 a6 6.f4 e5 7.Nf3 Nbd7 8.Bd3 
Be7 9.a4 O-O 10.O-O exf4 11.Kh1 Ne5 12.Bxf4 Bg4 13.Be2 Nxf3 14.Bxf3 Be6 
15.Qd4 Rc8 16.Rad1 Rc4 17.Qe3 Qc7 18.e5 dxe5 19.Bxe5 Qa5 20.Qg5 h6 21.Qg3 
Ng4 22.Bf4 h5 23.Nd5 Bd8 24.Bd6 Re8 25.b3 h4 26.Qe1 Qxe1 27.Rdxe1 Rd4 28.
Bc5 Rd2 29.Bb4 Nf2+ 30.Kg1 Rxd5 31.Bxd5 Ng4 32.Bc5 Bc7 33.Bxe6 Bxh2+ 34.
Kh1 fxe6 35.Re4 Nf6 36.Rxf6 1-0

[Event "16th Reykjavik op"]
[Site "Reykjavik ISL"]
[Date "1994.02.06"]
[Round "2"]
[White "Van der Sterren, Paul"]
[Black "Garcia, Gildardo"]
[Result "1-0"]
[WhiteElo "2610"]
[BlackElo "2520"]
[EventDate "1994.02.05"]
[PlyCount "80"]

1.d4 Nf6 2.c4 e6 3.Nf3 d5 4.Nc3 Be7 5.Bg5 h6 6.Bh4 O-O 7.e3 b6 8.Be2 Nbd7 
9.cxd5 Nxd5 10.Bxe7 Qxe7 11.Nxd5 exd5 12.O-O Nf6 13.Rc1 c5 14.dxc5 bxc5 
15.Qc2 Rb8 16.b3 Ne4 17.Rfd1 Bb7 18.Nd2 Nxd2 19.Rxd2 Rbc8 20.Bg4 Rc7 21.
Bf3 Rd8 22.h3 a5 23.Qb2 Qe6 24.Qa3 Qb6 25.Rdc2 Rdc8 26.Bg4 Ra8 27.Rxc5 Qd6
28.R1c2 h5 29.Bf5 g6 30.Rxa5 Qxa3 31.Rxa3 Rxa3 32.Rxc7 gxf5 33.Rxb7 Rxa2 
34.Rb4 Kg7 35.Rd4 Rb2 36.Rxd5 Kg6 37.Rd6+ f6 38.Rd3 Kg5 39.Kf1 f4 40.exf4+
Kxf4 1-0

[Event "16th Reykjavik op"]
[Site "Reykjavik ISL"]
[Date "1994.02.06"]
[Round "2"]
[White "Ivanov, Mikhail M."]
[Black "Kengis, Edvins"]
[Result "0-1"]
[WhiteElo "2525"]
[BlackElo "2565"]
[EventDate "1994.02.05"]
[PlyCount "68"]

1.g3 c5 2.Bg2 g6 3.d4 cxd4 4.Qxd4 Nf6 5.Qh4 Nc6 6.Nf3 h6 7.b3 Bg7 8.Bb2 d5
9.Qa4 Bd7 10.O-O a5 11.Qf4 O-O 12.Qc1 Rc8 13.Na3 e6 14.Rd1 Qe7 15.c4 Nb4 
16.Be5 b5 17.Qb2 bxc4 18.bxc4 Ba4 19.cxd5 exd5 20.Rd4 Ne8 21.Bxg7 Nxg7 22.
Bh3 f5 23.Rh4 h5 24.Qe5 Qxe5 25.Nxe5 g5 26.Rd4 Rc3 27.Nd3 Rxa3 28.Nxb4 
axb4 29.Rxb4 Bd7 30.Bg2 Be6 31.Rb5 d4 32.Rb4 Rd8 33.Rb2 Kf7 34.h3 Kf6 0-1

[Event "16th Reykjavik op"]
[Site "Reykjavik ISL"]
[Date "1994.02.06"]
[Round "2"]
[White "Ernst, Thomas"]
[Black "Petursson, Margeir"]
[Result "1/2-1/2"]
[WhiteElo "2480"]
[BlackElo "2550"]
[EventDate "1994.02.05"]
[PlyCount "40"]

1.e4 c5 2.Nf3 Nc6 3.d4 cxd4 4.Nxd4 g6 5.c4 Nf6 6.Nc3 d6 7.f3 Bg7 8.Be3 O-O
9.Be2 Nxd4 10.Bxd4 Be6 11.Rc1 Qa5 12.Qd2 Rfc8 13.b3 a6 14.Be3 b5 15.Nd5 
Qxd2+ 16.Kxd2 Nxd5 17.cxd5 Bd7 18.Rxc8+ Rxc8 19.Rc1 Rxc1 20.Kxc1 Kf8 
1/2-1/2

[Event "16th Reykjavik op"]
[Site "Reykjavik ISL"]
[Date "1994.02.06"]
[Round "2"]
[White "Kotronias, Vassilios"]
[Black "Danielsen, Henrik"]
[Result "1-0"]
[WhiteElo "2545"]
[BlackElo "2480"]
[EventDate "1994.02.05"]
[PlyCount "76"]

1.e4 c6 2.d4 d5 3.e5 Bf5 4.Nc3 e6 5.g4 Bg6 6.Nge2 c5 7.h4 h5 8.Nf4 Bh7 9.
Nxh5 Nc6 10.Bb5 Ne7 11.dxc5 d4 12.Bxc6+ Nxc6 13.Ne2 Qa5+ 14.c3 O-O-O 15.
Bg5 Rd7 16.b4 Qb5 17.cxd4 Nxe5 18.Qb3 Nc6 19.Be3 Nxb4 20.Kf1 Be4 21.Rh3 
Qc6 22.Rg3 Nd5 23.f3 Bc2 24.Qa3 g6 25.Nhf4 Qa4 26.Qc1 Rxh4 27.Kg2 Bg7 28.
Nxd5 Rxd5 29.Nc3 Qc4 30.Qxc2 Bxd4 31.Bxd4 Rxd4 32.Rc1 Rd3 33.Ne4 Qd4 34.
Qf2 Qd5 35.Rc2 Rh8 36.Nd6+ Kc7 37.Nxf7 Rf8 38.Nd6 Rf4 1-0

[Event "16th Reykjavik op"]
[Site "Reykjavik ISL"]
[Date "1994.02.06"]
[Round "2"]
[White "Rashkovsky, Nukhim"]
[Black "Shchekachev, Andrei"]
[Result "0-1"]
[WhiteElo "2535"]
[BlackElo "2470"]
[EventDate "1994.02.05"]
[PlyCount "110"]

1.e4 d6 2.d4 g6 3.c3 Nf6 4.Bd3 Bg7 5.Bg5 O-O 6.Nd2 c5 7.dxc5 dxc5 8.Qe2 
Nc6 9.Ngf3 Qc7 10.O-O a6 11.a4 Be6 12.Bc4 Bxc4 13.Nxc4 b5 14.Ne3 Qb7 15.
Nd5 Na5 16.axb5 axb5 17.Rad1 Rfe8 18.h3 Nc4 19.b3 Na5 20.Qc2 c4 21.b4 Nb3 
22.Bxf6 exf6 23.Nd2 f5 24.Nxb3 cxb3 25.Qxb3 Rxe4 26.Rfe1 Rae8 27.Rxe4 Rxe4
28.Ne3 Qe7 29.Qa2 Bxc3 30.Nd5 Re1+ 31.Rxe1 Qxe1+ 32.Kh2 Be5+ 33.g3 Kg7 34.
Qc2 h5 35.h4 Qe4 36.Qxe4 fxe4 37.Kg2 f5 38.f4 exf3+ 39.Kxf3 Kf7 40.Nf4 Bd6
41.Nd5 Be5 42.Nf4 Kf6 43.Nd5+ Ke6 44.Nf4+ Bxf4 45.Kxf4 Kf6 46.Kf3 Ke5 47.
Ke3 Ke6 48.Ke2 Kd5 49.Kd3 Ke5 50.Ke3 Kf6 51.Kd4 g5 52.hxg5+ Kxg5 53.Kc5 f4
54.gxf4+ Kxf4 55.Kxb5 h4 0-1